Can you guess the thaï bl by its title romanized - Statistics

General Stats
  • This quiz has been taken 21 times
  • The average score is 5 of 17
Answer Stats
Hint Answer % Correct
Duang Kap Thoe / ด้วงกับเธอ Duang with you
95%
Mit Ti Noi Khun Thi / มีสติหน่อยคุณธีร์ Me and thee
74%
Ning Hia Ko Ha Wa Sue / นิ่งเฮียก็หาว่าซื่อ Cutie pie
47%
Phuean Tong Ham / เพื่อนต้องห้าม Only friends
32%
Phro Rao Khu Kan / เพราะเราคู่กัน / คั่นกู 2gether
26%
Tong Rak Ma Ha Sa Mut / ต้องรักมหาสมุทร Love sea
26%
Sa Yon Hat Theo Da / สายรหัสเทวดา Perfect 10 liners
26%
Khae Phuean Khrapp Phuean / แค่เพื่อนครับเพื่อน Bad buddy
21%
Faen Phom Pen Prathan Nakrian / แฟนผมเป็นประธานนักเรียน My school president
21%
Kath / คาธ The eclipse
21%
Cheuuak Bpaan / Hemp Rope / เชือกป่าน Between us
16%
Kon Rak Run Phi / กลรักรุ่นพี่ Love Mechanics
16%
Khoi Khoi Rak / ค่อย ๆ รัก Step by step
16%
Mangkorn Kin Yai / มังกรกินใหญ่ Big Dragon
11%
A Yaa Len Gap A Nohn / อย่าเล่นกับอนล Bed friends
5%
Phaen Kan (Rak) Rai Khong Nai Jao Bao / แผนการ(รัก)ร้ายของนายเจ้าบ่าว Wedding plan
5%
Meuua Huaa Jai Glai Gan / เมื่อหัวใจใกล้กัน Don't say no
0%
No matching quizzes found
Score Distribution
Percent of People with Each Score
Percentile by Number Answered
Your Score History
You have not taken this quiz